| 000 | 00640nam a2200229 a 4500 | ||
|---|---|---|---|
| 005 | 20210219153523.0 | ||
| 008 | 991125n 000 0 spa u | ||
| 035 | _aUPN01000104620 | ||
| 100 | 1 | _aCarreras, Concepción | |
| 222 | _aEDUCACION Y BIBLIOTECA : | ||
| 222 | _bREVISTA MENSUAL DE DOCUMENTACION Y RECURSOS DIDACTICOS | ||
| 245 | _aEl valor del expurgo | ||
| 260 | _aMadrid, EspaƱa | ||
| 300 | _a38-39 | ||
| 362 | _a1994 No. 50, oct. | ||
| 653 | 0 | _aBIBLIOTECAS | |
| 653 | 0 | _aCOLECCIONES | |
| 653 | 0 | _aPROCESOS TECNICOS (BIBLIOTECAS) | |
| 653 | 0 | _aSERVICIOS BIBLIOTECARIOS | |
| 904 |
_aAC _b042431 |
||
| 905 | _aArticulo | ||
| 999 |
_c79008 _d79008 |
||